| 000 | 01977nam0a2200397 4500 | ||
|---|---|---|---|
| 001 | RU\NLR\bibl\213164 | ||
| 005 | 20260408193640.0 | ||
| 021 |
_aRU _b2001-34548 _91645 |
||
| 035 | _a(NLR Aleph) 000209321 | ||
| 090 |
_a1214725 _c1214725 |
||
| 100 | _a20011129d2001 |||y0rusy50 ca | ||
| 101 | 0 | _arus | |
| 102 | _aRU | ||
| 105 | _aa ||||||||| | ||
| 200 | 1 |
_aНизколегированные стали для магистральных газопроводов и их сопротивление разрушению _f[Ф.Г. Тухбатуллин, З.Т. Галиуллин, С.В. Карпов и др.] _gОткрытое АО "Газпром", Информ.-реклам. центр газовой пром-сти (ИРЦ Газпром) |
|
| 210 |
_aМ. _cИРЦ Газпром _d2001 |
||
| 215 |
_a54 с. _cил. _d21 |
||
| 225 | 1 |
_aГазовая промышленность _eОбзор. информ _iСерия "Транспорт и подземное хранение газа" |
|
| 320 | _aБиблиогр.: с. 47-53 | ||
| 606 |
_aТрубная сталь низколегированная _92228878 _3RU\NLR\auth\661337896 |
||
| 610 | 0 | _aСталь низколегированная - Сопротивление разрушению | |
| 610 | 0 | _aГазопроводы магистральные - Прочность | |
| 675 |
_a622.692.4.002.3-034.15 _v3 _zrus |
||
| 686 |
_a52.01 _2rugasnti |
||
| 686 |
_a39.71 _2rubbk |
||
| 686 | _aК222.234.770.8 | ||
| 701 | 1 |
_aТухбатуллин _gФарит Гарифович _4070 |
|
| 701 | 1 |
_aГалиуллин _bЗ. Т. _4070 |
|
| 701 | 1 |
_aКарпов _bС. В. _4070 |
|
| 712 | 0 | 2 |
_4570 _aИнформационно-рекламный центр газовой промышленности _cМосква _9433356 _3RU\NLR\AUTH\889968475 |
| 801 | 0 |
_aRU _bRKP _c20011129 _gPSBO |
|
| 801 | 1 |
_aRU _bRKP _c20011129 |
|
| 801 | 2 |
_aRU _bNLR _c20020110 _grcr |
|
| 942 | _cBOOK | ||
| 980 | _aNB | ||